000 00689cam a2200181 4500
008 070803t20022002nyua 000 0 eng u
020 _a0195219155
035 _a a462989
245 0 0 _aHuman development report 2002 :
_b deepening democracy in a fragmented world.
246 3 0 _aDeepening democracy in a fragmented world
260 _aNew York, N.Y. :
_bOxford University Press,
_cc2002
300 _axiv, 277 p. :
_bil. ;
_c28 cm.
504 _aIncluye bibliografías e índice
650 4 _aDemocracia
_vestudios Cruz-culturales
650 4 _apolítico participación
_vcultural estudiar
942 _2lcc
_cLIB
999 _c97538
_d97538